The law of estate agency (Record no. 112419)
[ view plain ]
| 000 -LEADER | |
|---|---|
| fixed length control field | 00740cam a22002295a 4500 |
| 001 - CONTROL NUMBER | |
| control field | L153210 |
| 008 - FIXED-LENGTH DATA ELEMENTS--GENERAL INFORMATION | |
| fixed length control field | 110622s2009 xxk f 000 0 eng d |
| 020 ## - INTERNATIONAL STANDARD BOOK NUMBER | |
| International Standard Book Number | 9780728205598 |
| 035 ## - SYSTEM CONTROL NUMBER | |
| System control number | (Sirsi) u153210 |
| 041 0# - LANGUAGE CODE | |
| Language code of text/sound track or separate title | eng |
| 050 04 - LIBRARY OF CONGRESS CALL NUMBER | |
| Classification number | 333.33 $2 18 |
| 100 1# - MAIN ENTRY--PERSONAL NAME | |
| Personal name | Murdoch, John |
| 245 04 - TITLE STATEMENT | |
| Title | The law of estate agency |
| 250 ## - EDITION STATEMENT | |
| Edition statement | 5th ed. |
| 260 ## - PUBLICATION, DISTRIBUTION, ETC. | |
| Place of publication, distribution, etc. | London |
| Name of publisher, distributor, etc. | Estates Gazette Books |
| Date of publication, distribution, etc. | 2009 |
| 520 ## - SUMMARY, ETC. | |
| Summary, etc. | Guidance on recent legislative and court legal developments, including responsibilities for estate agents concerning the Estate Agent's Act 1979, joining Ombudman schemes and Home Information Packs. |
| 590 ## - LOCAL NOTE (RLIN) | |
| Local note | KA |
| 651 #4 - SUBJECT ADDED ENTRY--GEOGRAPHIC NAME | |
| Geographic name | England and Wales |
| Chronological subdivision | 1543- |
| 690 ## - LOCAL SUBJECT ADDED ENTRY--TOPICAL TERM (OCLC, RLIN) | |
| Topical term or geographic name as entry element | PROPERTY-PROPERTY AGENCY |
| 942 ## - ADDED ENTRY ELEMENTS (KOHA) | |
| Suppress in OPAC | 0 |
| Withdrawn status | Lost status | Source of classification or shelving scheme | Damaged status | Not for loan | Home library | Current library | Shelving location | Date acquired | Total Checkouts | Full call number | Barcode | Date last seen | Copy number | Price effective from | Koha item type |
|---|---|---|---|---|---|---|---|---|---|---|---|---|---|---|---|
| Dewey Decimal Classification | London | London | Books | 27/06/2011 | 333.33 MUR | 30075746 | 06/08/2019 | 1 | 06/08/2019 | Book |